Zváranie netlakových častí energetických zariadení rúrkovým drôtom : Diplomová práca

Salvato in:
Dettagli Bibliografici
Autore principale: Psota, Branislav (Autore)
Altri autori: Bagala, Gabriel (xxx)
Natura: Manoscritto Libro
Lingua:slovacco
Pubblicazione: Trnava : STU v Bratislave MtF KZv, 1999
Soggetti:
Tags: Aggiungi Tag
Nessun Tag, puoi essere il primo ad aggiungerne!!

MARC

LEADER 00000ntm a22000003a 4500
001 stu92811
005 20160719154514.3
008 050210s1999----xo------------------slo-d
040 |a STU  |b slo 
041 0 |a slo 
044 |a xo 
100 1 |a Psota, Branislav  |4 aut 
245 1 |a Zváranie netlakových častí energetických zariadení rúrkovým drôtom :  |b Diplomová práca 
260 |a Trnava :  |b STU v Bratislave MtF KZv,  |c 1999 
300 |a 58 s  |c príl 
650 7 |a technológie strojárskej výroby  |2 stusub 
650 7 |a zváranie  |2 stusub 
700 1 |a Bagala, Gabriel  |4 xxx